000 00348nam a22001217a 4500
999 _c1229
_d1229
005 20200826141753.0
008 200826b ||||| |||| 00| 0 eng d
020 _a043592060x
040 _cCML
245 _aReading, Talking, Writing.
_cBrown, N.
260 _aMalta
_binterprint Ltd
_c1975
942 _2ddc
_cBK
_e1st Edition
_h428
_mBRO